Từ điển Trung - Việt

Guardat en:
Dades bibliogràfiques
Autor principal: Phan Văn Các
Format: Llibre
Idioma:English
Publicat: KH & XH 2006
Matèries:
Etiquetes: Afegir etiqueta
Sense etiquetes, Sigues el primer a etiquetar aquest registre!
Thư viện lưu trữ: Mạng thư viện Đại học Đà Nẵng
LEADER 01007cam a22003131a 4500
001 000032988
003 9116
005 20151021000000.0
008 151016s2006 vm 000 eng
041 |a eng 
082 |a 495.13  |b PH-C 
100 |a Phan Văn Các 
245 |a Từ điển Trung - Việt  |c Phan Văn Các 
260 |a KH & XH  |c 2006 
300 |a 1637tr. : mh ; 25 cm 
650 |a Từ điển, Trung - Việt, Trung, 2006, Phan Văn Các 
852 |b Chuyên đề  |c Từ điền 1 
OWN |a LNN 
AVA |a UDN50  |b LNN  |d 495.13 PH-C  |e available  |t Error 5001 Not defined in file expand_doc_bib_avail.  |f 1  |g 0  |h N  |i 0  |k 1 
999 |a From the UDN01 
AVA |a UDN50  |b LNN  |d 495.13 PH-C  |e available  |t Error 5001 Not defined in file expand_doc_bib_avail.  |f 1  |g 0  |h N  |i 0  |k 1 
TYP |a Monograph 
980 |a Mạng thư viện Đại học Đà Nẵng